Recombinant DNA and biotechnology (Record no. 2825)

MARC details
000 -LEADER
fixed length control field 00478nam a2200169Ia 4500
008 - FIXED-LENGTH DATA ELEMENTS--GENERAL INFORMATION
fixed length control field 230917s9999||||xx |||||||||||||| ||und||
020 ## - ISBN
Price GBP 165.00 (RS 16998.30)
040 ## - CATALOGING SOURCE
-- 5012585
Original cataloging agency VIVEKANANDA LIBRARY
041 ## - Language
-- English
082 ## - DDC NUMBER
Classification number 660.6024574 K811R
100 ## - MAIN ENTRY--PERSONAL NAME
Personal name Koch, Clem
245 #0 - TITLE STATEMENT
Title Recombinant DNA and biotechnology
260 ## - PUBLICATION, DISTRIBUTION, ETC. (IMPRINT)
Place of publication, distribution, etc United Kingdom
Name of publisher, distributor, etc ED-Tech Press
Date of publication, distribution, etc 2019
300 ## - PHYSICAL DESCRIPTION
Pages xvii, 332 p.
500 ## - GENERAL NOTE
General note 4123 12/10/2021 HBD21/8868 14/10/2021 Main Budget
942 ## - ADDED ENTRY ELEMENTS (KOHA)
Koha item type Books
Holdings
Withdrawn status Lost status Damaged status Not for loan Location (home branch) Sublocation or collection (holding branch) Date acquired Koha issues (times borrowed) Koha full call number Accession No. Koha date last seen Koha item type
        VIVEKANANDA LIBRARY VIVEKANANDA LIBRARY 17/12/2021   660.6024574 K811R 397953 17/09/2023 Books
© Designed and Maintained by Vivekananda Library, MDU Rohtak